| 000 | 00454nam a2200133 4500 | ||
|---|---|---|---|
| 999 |
_c127602 _d127602 |
||
| 005 | 20220805105757.0 | ||
| 008 | 220805b ||||| |||| 00| 0 eng d | ||
| 040 | _cPK-LaUMT | ||
| 082 |
_aAPC 297.4092 _bKHU- |
||
| 245 |
_aKhusroo dosron ki nazar mein = خسرو دوسروں کی نظر میں / _ccompiled by Iqbal Salahuddin = مرتبہ : تاقبال صلاح الدین |
||
| 260 |
_aLahore : _bIzhar Sons, _c1970 |
||
| 300 | _a135 p. | ||
| 942 | _cBK | ||